Central Library OPAC University of Rajshahi

The Exposure of Bangladeshi Commercial Banks to Macroeconomic Shocks : (Record no. 81096)

MARC details
000 -LEADER
fixed length control field 00967nam a2200241 a 4500
001 - CONTROL NUMBER
RUCL Control Number 81096
003 - CONTROL NUMBER IDENTIFIER
rucl marc code BD-RjUL
005 - DATE AND TIME OF LATEST TRANSACTION
control field 20230118125251.0
008 - FIXED-LENGTH DATA ELEMENTS--GENERAL INFORMATION
fixed length control field 230118s2012 bg a|||| m||| 00| 0 eng d
035 ## - SYSTEM CONTROL NUMBER
system control number (BD-RjUL)81096
040 ## - CATALOGING SOURCE
Original cataloging agency BD-RjUL
Language of cataloging eng
Transcribing agency BD-RjUL
Modifying agency BD-RjUL
041 ## - LANGUAGE CODE
Language code of Book eng
082 ## - DEWEY DECIMAL CLASSIFICATION NUMBER
DDC Edition number 23
Classification number 332.12095492
Author mark and Year KHE 2012
100 ## - MAIN ENTRY--PERSONAL NAME
Personal name Khan, Md. Atiqur Rahman
9 (RLIN) 6628
245 10 - TITLE STATEMENT
Title The Exposure of Bangladeshi Commercial Banks to Macroeconomic Shocks :
Remainder of title An Empirical Study /
Statement of responsibility, etc Md. Atiqur Rahman Khan
Name of Supervisor/Co-Supervisor Supervisor : Md. Shibley Sadique
260 ## - PUBLICATION, DISTRIBUTION, ETC. (IMPRINT)
Place of publication, distribution, etc Rajshahi :
Name of publisher, distributor, etc Department of Finance and Banking,University of Rajshahi
Date of publication, distribution, etc 2012
300 ## - PHYSICAL DESCRIPTION
Pagination [3], xvi, 211 leaves :
Other physical details ill.;
Dimensions 29 cm.
502 ## - DISSERTATION NOTE
Dissertation note Thesis (Ph. D.) -- Department of Finance and Banking, University of Rajshahi,2012
504 ## - BIBLIOGRAPHY, ETC. NOTE
Bibliography, etc References : Leaves 180-195
650 ## - SUBJECT ADDED ENTRY--TOPICAL TERM
Topical term or geographic name as entry element Commercial Banks
General subdivision Banking services
Geographic subdivision Bangladesh
9 (RLIN) 6629
700 ## - ADDED ENTRY--SUPERVISOR/CO-SUPERVISOR NAME
Personal name Sadique, Md. Shibley, Supervisor
9 (RLIN) 1441
942 ## - ADDED ENTRY ELEMENTS (KOHA)
Source of classification or shelving scheme Dewey Decimal Classification
Koha item type Theses
Holdings
Source of classification or shelving scheme Damaged status Not for loan Collection code Permanent Location Current Location Shelving location Date of accession Source of acquisition Full call number Barcode Date last seen Copy number Thesis
Dewey Decimal Classification   Not For Loan Theses Central Library, University of Rajshahi Central Library, University of Rajshahi Documentation Section 24/10/2013 Controller of Exam. R.U. THE 332.12095492 KHE 2012 D3535 18/01/2023 C-1 Theses